| 000 | 00478nam a2200169Ia 4500 | ||
|---|---|---|---|
| 008 | 210210b1978 xxu||||| |||| 00| 0 eng d | ||
| 082 | _a294.5925 SHAA | ||
| 100 | _aSHASTRI (J L). | ||
| 245 | _aAncient Indian tradition and mythology. (Garuda Purana). Tr by A board of scholars. V 12. Part-1. | ||
| 250 | _a | ||
| 260 |
_aDelhi. _bMotilal Banarsidass., _c1978 |
||
| 300 | _axvi,1886 | ||
| 440 | _a12 | ||
| 650 | _aGaurada Purana | ||
| 690 | _aHindui | ||
| 906 | _aSG018 | ||
| 999 |
_c113090 _d113090 |
||